Amazonía: el río tiene voces. Imaginario y modernización

Gespeichert in:
Bibliographische Detailangaben
1. Verfasser: Pizarro, Ana (VerfasserIn)
Format: Buch
Sprache:Spanisch
Veröffentlicht: Santiago Fondo de Cultura Económica 2009
Ausgabe:1a. ed
Schriftenreihe:Colección Tierra Firme
Schlagworte:
Tags: Tag hinzufügen
Keine Tags, Fügen Sie den ersten Tag hinzu!

MARC

LEADER 00000cam a2200000 a 4500
001 UCG3465
003 CL-VaPUC
008 100826e20090000CL |||||||||||||||||spa|d
020 |a 9789562890762 
082 0 4 |a 910  |b PIZ  |2 21 
100 0 |a Pizarro, Ana  |e author  |9 518488 
245 1 0 |a Amazonía: el río tiene voces. Imaginario y modernización 
250 |a 1a. ed 
300 |a 249 p 
942 |c BK 
945 |d 20100826 00:00:00  |a mfarfan 
260 |a Santiago  |b Fondo de Cultura Económica  |c 2009 
650 0 |a Viajes  |9 257115 
650 0 |a Relatos de viajes  |9 445424 
650 0 |a Geografía  |9 259346 
650 7 |a NARCOTRAFICO  |2 CL-VaPUC  |9 375229 
651 7 |a AMAZONIA  |2 CL-VaPUC  |9 317804 
583 |a last modification  |c 20111212 10:01:41  |k Rodrigo Vera 
490 0 |a Colección Tierra Firme 
999 |c 342532  |d 342530 
952 |0 0  |1 0  |4 0  |6 910_000000000000000_PIZ_2009  |7 0  |8 C  |9 438765  |a BIBCUR  |b BIBCUR  |d 2019-11-22  |i 4694112  |o 910 PIZ 2009  |p 4694112  |r 2025-04-22  |w 2019-11-22  |y BK  |k CAC 
952 |0 0  |1 0  |4 0  |6 910_000000000000000_PIZ_2009  |7 0  |8 C  |9 438766  |a BIBCUR  |b BIBCUR  |d 2019-11-22  |i 4776356  |o 910 PIZ 2009  |p 4776356  |r 2025-04-22  |w 2019-11-22  |y BK  |k EXP 
952 |0 0  |1 0  |4 0  |6 910_000000000000000_PIZ_2009  |7 0  |8 A  |9 438767  |a FDOPOS  |b BIBEDU  |d 2019-11-22  |i 4814339  |l 3  |m 1  |o 910 PIZ 2009  |p 4814339  |r 2025-01-22  |s 2024-10-17  |w 2019-11-22  |y BK  |k DLH 
952 |0 0  |1 0  |4 0  |6 910_000000000000000_PIZ_2009  |7 0  |8 A  |9 438768  |a BIBHIS  |b BIBHIS  |d 2019-11-22  |i 4818970  |o 910 PIZ 2009  |p 4818970  |r 2025-01-20  |w 2019-11-22  |y BK  |k HIS